| 000 | 00818nab a2200241 u 4500 | ||
|---|---|---|---|
| 001 | 08631 | ||
| 003 | HDC | ||
| 007 | cr bn ---aaaaa | ||
| 008 | 210130c2012 my dr|nes 0 a may d | ||
| 040 | _aHDC | ||
| 100 |
_aSri Ayu Kartikawati _eauthor _99107 |
||
| 245 | 0 |
_aMendigital PKS / oleh _cSri Ayu Kartikawati |
|
| 260 |
_aKuala Lumpur : _bThe New Straits Times Press (M) Bhd., _c2012 |
||
| 336 |
_atext _2rdacontent |
||
| 337 |
_acomputer _2rdamedia |
||
| 338 |
_aonline resource _2rdacarrier |
||
| 650 |
_acommunication services _99109 |
||
| 650 |
_alogistic industry _99108 |
||
| 856 | _zRequest full-text at [email protected] | ||
| 942 | _2lcc | ||
| 942 | _cNEWS | ||
| 942 | _kNWSC 002385 | ||
| 999 |
_c5954 _d5954 |
||